000 00633nam a22002057a 4500
005 20240823164600.0
010 _aENG-141414
020 _a9789391317072
_c300.00
035 _aEN-124946
037 _bDBAD
082 _a181.499
_21
100 _aNath, Sheo
_970552
245 _aMinimising Unhappiness/
_cBy Sheo Nath
250 _a1
260 _bBook Street Publications
_aNoida
_c2022
270 _aJitendra Anand infratech Private Limited 2203, Express Trade Towers-2, Sector-132
_bNoida
_e201304
_mjaipl3e@gmail.com
300 _a118p.
_c22cm(pb)
700 _970539
942 _2ddc
_cEN
_h181.499
_mNAT
_e1
999 _c205284
_d205284